00440 2200169 4500001002100000008004100021035002000062245004200082100001700124260003500141300001300176020002200189084001400211082000800225650001800233990001900251INLIS000000000002154 ind  a0010-0724002154 aThe Secret RelationshipcRICK RIORDAN aRICK RIORDAN aJakarta :bMizan fantasic2013 a441 hlm. a978-979-433-779-0 a833 RIC t a833 aFiksi Inggris aP29/CP/24/2154